000 00269nam a2200133Ia 4500
100 _aJohnson & Abercromble
650 _aGeneral
942 _cBK
654 _aBiology
245 _aNew Biology
260 _bPenguin Books
_c2001
082 _a574
546 _aENGLISH
999 _c28118
_d28118